000 00907nam a22002297a 4500
005 20210325204151.0
008 s2552 th tha d
020 _a9786167094014
041 _atha
050 _aGN281 ซ323ก 2552
100 0 _aอรรคพัฐ โกสิยตระกูล
245 1 0 _aกำเนิดเผ่าพันธ์มนุษย์
260 3 _aกรุงเทพฯ
_c2552
300 _a164 หน้า :
_b ภาพประกอบ ;
_c 26 ซม.
650 0 4 _aมนุษย์ -- กำเนิดและบรรพบุรุษ
650 0 4 _aวิวัฒนาการของมนุษย์
850 _aNALT
942 _cGB
997 _a36323
997 _c000000000060137
998 _aนางสาวชัชฎา จูฑะรักษ์
999 _c60137
_d60137